000 03077nam1a22005891 4500
001 RU\NLR\A1\12899
005 20260408063544.0
035 _a(NLR Aleph) 009675332
090 _a9679933
_c9679933
100 _a20260119 rusy50
101 1 _arus
_bger
_cfre
102 _aRU
140 _ay y zz yaa0000
200 1 _aДостопамятныя деяния и свойства души Лудовика XVI, короля французскаго
_eС описанием его кончины.
210 _aВо граде святаго Петра
_cпечатано у И.К.Шнора
_d1793-1795
215 _d
300 _aЦенз.: с дозволения Управы благочиния (тит. л.)
305 _aПеревод с дополнениями первых трех выпусков сочинения "Anekdoten und Karakterzüge aus dem Leben Ludwigs des XVI. Nach dem Französischen". Berlin,1793-1795. Hft. 1-8
321 1 _aСК XVIII 2008
454 0 _12001#$aAnekdoten und Karakterzüge aus dem Leben Ludwigs des XVI. Nach dem Französischen
_1210##$aBerlin$d1793-1795
_tAnekdoten und Karakterzüge aus dem Leben Ludwigs des XVI. Nach dem Französischen
463 0 _1001RU\NLR\A1\12900
_99679936
_d1793
_p[8], 146 с., [1] л. фронт.
_tЧ.1
463 0 _1001RU\NLR\A1\12901
_99679941
_cМосква
_d1795
_p[2], 126 с.
_tЧ.2
481 0 _1001RU\NLR\A1\1606
_99664549
_aИкосов, П. П. (1760-1811)
_cВо граде св. Петра
_d1793
_fСочинил Павел Икосов
_n[Тип. Сытина]
_p13, [1] с.
_tДифирамв, изображение ужасных деяний французской необузданности, или Плачевная кончина царственнаго мученика Людовика ХVI.
_uhttp://vivaldi.nlr.ru/bx000018342/view
518 1 _aДостопамятные деяния и свойства души Людовика XVI, короля французского
600 0 _aЛюдовик
_cкороль французский
_dXVI
_f1754 - 1793
_91559163
_3RU\NLR\AUTH\66681788
620 _dСанкт-Петербург
620 _dМосква
702 1 _4610
_7ca
_8rus
_aШнор
_bИ. К.
_f1738-1812
_gИоганн Карл
_9158235
_3RU\NLR\AUTH\770158276
712 0 0 _4610
_aШнор,
_gИ. K.,
_hтипография
_cПетербург
_7ba
_3RU\NLR\AUTH\8810035686
_9569792
801 0 _aRU
_bNLR
_c19971128
852 _aNLR
_j18.17.5.23
852 _aNLR
_j138/573
852 _aNLR
_j18.17.5.22 (ч.2)
852 _aNLR
_j138/2994
852 _aNLR
_bРЗФ
_j18 в. 3/1094
852 _aNLR
_bРЗФ
_j18 в. 3/1094а
899 _aВМП
899 _aРГБ
899 _aБАН
899 _aКУНБ
899 _aВОУНБ
_yЧ.2
899 _aВГБИЛ
899 _aКостОУНБ
899 _aМГУ
899 _aГМЗРК
899 _aГПИБ
899 _aНБЛ КГУ
899 _aОренбургОУНБ
942 _cBOOK
980 _aNB
980 _aA1XVIIIv